书目信息 |
| 题名: |
高等数学
|
|
| 作者: | 曹广福 , 叶瑞芬 , 赵红星 编 | |
| 分册: | 一 一元函数微积分学 | |
| 出版信息: | 北京 高等教育出版社 2009 |
|
| 页数: | 284页 | |
| 开本: | 23cm | |
| 丛书名: | ||
| 单 册: | ||
| 中图分类: | O13 , O172 | |
| 科图分类: | ||
| 主题词: | 高等数学 , 微积分 | |
| 电子资源: | ||
| ISBN: | 978-7-04-024904-0 | |
| 000 | 00894nam0 2200265 45 | |
| 005 | 20100303153014.03 | |
| 010 | @a978-7-04-024904-0@dCNY25.30 | |
| 100 | @a20100120d2009 em y0chiy50 ea | |
| 101 | 0 | @achi |
| 102 | @aCN@b110000 | |
| 105 | @ay z 000yy | |
| 106 | @ar | |
| 200 | 1 | @a高等数学@AGao Deng Shu Xue@h一@HYi@i一元函数微积分学@IYi Yuan Han Shu Wei Ji Fen Xue@f曹广福,叶瑞芬,赵红星编@FCao Guang Fu, Ye Rui Fen, Zhao Hong Xing Bian |
| 210 | @a北京@c高等教育出版社@d2009 | |
| 215 | @a284页@d23cm | |
| 330 | @a本书内容包括:函数与极限;导数与微分;导数的应用;积分;定积分的应用;微分方程简介。 | |
| 606 | 0 | @a高等数学 |
| 606 | 0 | @a微积分 |
| 690 | @aO13@v4 | |
| 690 | @aO172@v4 | |
| 701 | 0 | @a曹广福@ACao Guang Fu@4编 |
| 701 | 0 | @a叶瑞芬@AYe Rui Fen@4编 |
| 701 | 0 | @a赵红星@AZhao Hong Xing@4编 |
| 801 | 0 | @aCN@bTANGWEI@c20100303 |
| 905 | @b0584344-47@dO13@e404:1@f4 | |
| 高等数学.一.一元函数微积分学/曹广福,叶瑞芬,赵红星编.-北京:高等教育出版社,2009 |
| 284页;23cm |
| ISBN 978-7-04-024904-0:CNY25.30 |
| 本书内容包括:函数与极限;导数与微分;导数的应用;积分;定积分的应用;微分方程简介。 |
| ● |
| 相关链接 |
|
|
|
|
正题名:高等数学
索取号:O13/404:1
 
预约/预借
| 序号 | 登录号 | 条形码 | 馆藏地/架位号 | 状态 | 备注 |
| 1 | 0584344 | 205843444 | 第二样本阅览室/ [索取号:O13/404:1] | 在馆 | |
| 2 | 0584345 | 205843453 | 第三借阅区/ [索取号:O13/404:1] | 在馆 | |
| 3 | 0584346 | 205843462 | 第三借阅区/ [索取号:O13/404:1] | 在馆 | |
| 4 | 0584347 | 205843471 | 第三借阅区/ [索取号:O13/404:1] | 在馆 |